Karl Dedecius und seine Autoren im Lichte der Korrespondenz
| Titel: | Karl Dedecius und seine Autoren im Lichte der Korrespondenz / Andreas Lawaty |
|---|---|
| Verfasser: | |
| In: |
Literatur als Mittlerin über Grenzen hinweg, (2014), Seite 37-49 alle Artikel anzeigen |
| Veröffentlicht: | 2014 |
| Format: | Aufsatz |
| Sprache: | Deutsch |
X
alg: 42877726
001A $03025:26-04-18
001B $04504:12-09-18 $t14:41:51.000
001C $03025:26-04-18 $t12:33:26.000
001D $03025:26-04-18
001U $0utf8
001X $00
002@ $0Aou
002C $aText $btxt $2rdacontent
002D $aohne Hilfsmittel zu benutzen $bn $2rdamedia
002E $aBand $bnc $2rdacarrier
003@ $0428777260
007A $0428777260 $aHEB
010@ $ager
010E $erda
011@ $a2014
021A $aKarl Dedecius und seine Autoren im Lichte der Korrespondenz $hAndreas Lawaty
028A $BVerfasser $RLawaty, Lyris $RLawaty, Sylwia $4aut $7124484778 $8Lawaty, Andreas$Z1953- [Tp1] $9155156454
031A $h37-49 $j2014
039B $aEnthalten in $8--Aau--. Literatur als Mittlerin über Grenzen hinweg. - Huta Komorowska {[u.a.] : Muzeum Kardynała Adama Kozłowieckiego SJ, 2014. - 127 Seiten. - ISBN 978-83-7944-000-9 $x201400000000000963 $9351215077
044K $#Dedecuis, Karl $#Dedecius, K. $#Dedecuis, K. $#Dedecius, Carl $7118810863 $8Dedecius, Karl$Z1921-2016 [Tp1] $908715143X
044K $RUrheber $RAutorin $#Authors $#Écrivains $#Autor $#Verfasser $#Autoren $74003982-1 $8Autor [Ts1] $9085002402
044K $RAutobiografische Literatur $RBriefliteratur $#Letter writing $#Correspondance $#Lettere $#Cartas Redacción $#Brief $#Briefschreiben $#Korrespondenz Brief $#Briefwechsel Brief $#Literarischer Brief $#Briefverkehr $#Briefe $74008240-4 $8Brief [Ts1] $9085014257
045F $a809 $eDDC23BSB
045F/01 $a809
045F/03 $f0904
045F/03 $g438
045R $aGeschichte 1958-2006
045V $aDedecius, Karl $801.08.00$jZu einzelnen Germanisten, Literaturtheoretikern und Essayisten [Tkx] $9118843184
lok: 42877726 62
exp: 42877726 62 1 #EPN
201B/01 $012-09-18 $t22:09:28.000
203@/01 $01029800332
208@/01 $a12-09-18 $be
209A/01 $a/ $f000 $x00
209B/01 $a2018 $x05
247C/01 $8Frankfurt, Bibliographie der Deutschen Sprach- und Literaturwissenschaft $9113214561
201U/01 $0utf8
lok: 42877726 78
exp: 42877726 78 1 #EPN
201B/01 $026-04-18 $t12:32:54.000
201C/01 $026-04-18
201U/01 $0utf8
203@/01 $01021497460
208@/01 $a26-04-18 $be
209A/01 $a/ $f000 $x00
209A/01 $ab*p $x01
220C/01 $apgar
244Z/01 $#Generalgouvernement Polen $#Polska $#Rzeczpospolita Polska $#Polska Rzeczpospolita Ludowa $#Poland $#Pologne $#République Polonaise $#Generalne Gubernatorstwo w Polsce $#Polish People's Republic $#Polska Rzeczpospolita Polen $#PRL $#RP $#Polen Generalgouvernement $#Polska Generalgouvernement $#Besetzte Polnische Gebiete $#Besetztes Gebiet in Polen $#Okupowane Polskie Obszary $#Obszary Okupowane w Polsce $#Volksrepublik Polen $#Polska Rosyjska $#Republic Polen $#Respublika Pol'ša $#Pol'skaja Narodnaja Respublika $#République de Pologne $#Polen Links der Weichsel $#Polska po Lewej Stronie Wisły $#Lenkija $#Polija $#Gubernija Carstva Pol'skago $#Republik Polen $74046496-9 $8--Tg1--Polen $x01 $9085129801
247C/01 $82080>Marburg/Lahn, Herder-Institut, Forschungsbibliothek, Bibliographieportal $9336309341
| LEADER | 00000caa a2200000 c 4500 | ||
|---|---|---|---|
| 001 | 428777260 | ||
| 003 | DE-603 | ||
| 005 | 20180912144151.0 | ||
| 007 | tu | ||
| 008 | 180426s2014 xx |||| | u00||u|ger c | ||
| 035 | |a (DE-599)HEB428777260 | ||
| 040 | |a DE-603 |b ger |c DE-603 |d DE-603 |e rda | ||
| 041 | |a ger | ||
| 082 | 0 | 4 | |8 1\u |a 809 |q DE-101 |2 23/BSB |
| 085 | |8 1\u |b 809 | ||
| 085 | |8 1\u |z 1 |s 0904 | ||
| 085 | |8 1\u |z 2 |s 438 | ||
| 100 | 1 | |a Lawaty, Andreas |d 1953- |e Verfasser |4 aut |0 (DE-603)155156454 |0 (DE-588)124484778 |2 gnd | |
| 245 | 0 | 0 | |a Karl Dedecius und seine Autoren im Lichte der Korrespondenz |c Andreas Lawaty |
| 264 | 0 | |c 2014 | |
| 336 | |a Text |b txt |2 rdacontent | ||
| 337 | |a ohne Hilfsmittel zu benutzen |b n |2 rdamedia | ||
| 338 | |a Band |b nc |2 rdacarrier | ||
| 600 | 1 | 7 | |a Dedecius, Karl |d 1921-2016 |0 (DE-588)118810863 |0 (DE-603)08715143X |2 gnd |
| 648 | 7 | |a Geschichte 1958-2006 |2 gnd | |
| 650 | 7 | |a Autor |0 (DE-588)4003982-1 |0 (DE-603)085002402 |2 gnd | |
| 650 | 7 | |a Brief |0 (DE-588)4008240-4 |0 (DE-603)085014257 |2 gnd | |
| 773 | 0 | 8 | |i Enthalten in |t Literatur als Mittlerin über Grenzen hinweg |d Huta Komorowska [u.a.] : Muzeum Kardynała Adama Kozłowieckiego SJ, 2014 |h 127 Seiten |z 9788379440009 |z 8379440005 |g (2014), Seite 37-49 |w (DE-603)351215077 |
| 924 | 0 | |9 603 |a (DE-603)1029800332 |b DE-603 |c HES |d d | |
| 924 | 0 | |9 2080 |a (DE-603)1021497460 |b DE-2080 |c HES |d d |g / | |


